000 00320nam a22001457a 4500
008 210303b ||||| |||| 00| 0 eng d
020 _a9781565335424
041 _aeng
080 _a610.73
082 _a610.73
100 _a1
101 _aINF
245 _aFundamentals for Nursing
_cSommer, SH
942 _2udc
_cBK
999 _c55639
_d55639